00354 2200157 4500245003800000250001100038100001200049650001600061005001900077260001800096041001400114084001400128300001800142500002700160336000900187 aTeks Lho Seni TaricDeavolahText aCet. 1 aDeavola aKarya Siswa a20250925103950 aJakartac2025 aIndonesia a081 DEA t ailus. :c15cm aKarya Siswa Kelas X-PH atext